American book English

Bibliographic Details
Format: Book
Published: United States : American Book Co. , 1980
Subjects:

MARC

LEADER 00000cam a2200000 7i4500
001 0000005920
002 000006395
005 20000330.0
020 |a 0278482473 
090 0 0 |a 421.520973   |b AME 
245 0 0 |a American book English 
260 |a United States :   |b American Book Co. ,   |c 1980 
300 |a 176p. :   |b ill. ;   |c 24cm. 
650 0 0 |a English language   |z United States 
999 |a 034012   |b BUKU   |c PINJAMAN   |e PERPUSTAKAAN KOMUNITI PETALING JAYA